00513nam a2200145Ia 4500008004100000041000800041082001600049100001900065245003100084260004400115300003200159365000700191999001500198952015400213240624s9999 xx 000 0 und d aeng a808.882 BRA aBRAUDE JACOB M aQUIPS QUOTES AND ANECDOTES c2003aNew DelhibJaico Publishing House axiii, : 426 : p. : cm. ; 17 cRS c3737d3737 00104070aIMTNbIMTNcRack 38-Ad2006-07-24eWBDg140.00l2n521o808.882 BRAp3737q2025-12-12r2025-12-02 16:35:28s2025-12-02t1w2024-06-24yBK